Premier League quiz (Hard) - Statistics

General Stats
  • This quiz has been taken 29 times
  • The average score is 13 of 15
Answer Stats
Question Answer % Correct
When was the Premier League invented? 27 May 1992
100%
Who has, miraculously, won the Premier League in the 21st century? Leicester City
100%
What is the transfer record in the Premier League? Alexander Isak from Newcastle to Liverpool
96%
Out of these 4 teams which one has NOT won a Champions League? Arsenal
96%
Out of these 4 teams which one HAS won the Champions League? Aston Villa
96%
Which manager has won the most Premier League trophies? Sir Alex Ferguson
96%
Who is the all time Premier League top scorer? Alan Shearer
92%
Who was the first non-english manager to win the Premier League? Arsene Wenger
92%
Which team had the highest point count with 100 points ? Manchester City
88%
Which player has won the most Premier League trophies? Ryan Giggs
88%
Which team was the first to be relegated after winning the Premier League? Blackburn Roves
79%
Which team had the all-time lowest point count with only 11 points? Derby County
79%
Hope you liked this quiz correct answer
75%
Which team has been relegated the most times? Norwich City
75%
What club has won the league in 2006? Arsenal
4%
No matching quizzes found
Score Distribution
Percent of People with Each Score
Percentile by Number Answered
Your Score History
You have not taken this quiz